Tilastot visalle Kypros-visa

Klikkaa tästä pelataksesi tätä visaa!

Yleistilastot

  • Tätä visaa on pelattu 49 kertaa
  • Keskiarvotulos 11 / 20

Vastaustilastot

VastausVihje% Oikein
Viralliset kieletKreikka
97%
Meri, jossa Kypros sijaitseeVälimeri
97%
PääkaupunkiNikosia
92%
Viralliset kieletTurkki
89%
ValuuttaEuro
86%
Metalli, joka oli Kyproksen tärkein luonnonvara antiikin ajalta viime aikoihin astiKupari
61%
Harjoitetuin uskonto (nimeä uskonnon haara)Ortodoksisuus
61%
Akrotíri ja Dekéleian alueita hallitseva valtioYhdistynyt kuningaskunta
58%
Noin puolta Kyproksen saaresta hallitseva kansainvälisesti tunnustamaton valtioPohjois-Kypros
56%
Kyprokselta lähtöisin oleva juustoHalloumi
56%
Toiseksi suurin kaupunkiLimassol
53%
Vuonna 1570 saaren valloittanut valtakuntaOsmanien valtakunta
53%
Maan lipussa sen kartan lisäksi oleva asiaKaksi {oliivipuu}n oksaa
50%
Entinen valuuttaPunta
42%
Kolmanneksi suurin kaupunki maan itärannikollaLárnaka
42%
Kyproksen presidentti 1960-1977Makarios III
36%
Korkein vuoriÓlympos
33%
Ennen vuotta 1570 Kyprosta hallinnut valtioVenetsia
25%
Vuonna 1191 Kyproksen vallannut henkilöRikhard Leijonamieli
25%
Niemimaa Kyproksen koillisosassaKarpasía
19%

Tulosjakauma

Persentiili vastausten määrän mukaan

Jokaisen tuloksen saaneiden osuus

Tuloshistoriasi

Et ole pelannut tätä visaa